Reglamento general para la dirección y reforma de teatros que S.M. se ha servido encargar al Ayuntamiento de Madrid (Record no. 173542)

MARC details
000 -LEADER
campo de control de longitud fija 00672nam a22001695i 4500
001 - NÚMERO DE CONTROL
campo de control 173542
003 - IDENTIFICADOR DE NÚMERO DE CONTROL
campo de control ES-MaACL
005 - FECHA Y HORA DE LA ÚLTIMA TRANSACCIÓN
campo de control 20250824030021.0
008 - DATOS DE LONGITUD FIJA--INFORMACIÓN GENERAL
campo de control de longitud fija 091207s1807 sp |||| | spa d
080 ## - NÚMERO DE LA CLASIFICACIÓN DECIMAL UNIVERSAL
Número de la Clasificación Decimal Universal 792(460)"18
245 00 - MENCIÓN DEL TÍTULO
Título Reglamento general para la dirección y reforma de teatros que S.M. se ha servido encargar al Ayuntamiento de Madrid
Resto del título : por su Real orden de 17 de Diciembre de 1806 aprobado por otra de 16 de marzo de 1807.
260 ## - PUBLICACIÓN, DISTRIBUCIÓN, ETC.
Lugar de publicación, distribución, etc. Madrid :
Nombre del editor, distribuidor, etc. [s.n.],
Fecha de publicación, distribución, etc. 1807 (
Fabricante Imp. de la Hija de Ibarra)
300 ## - DESCRIPCIÓN FÍSICA
Extensión LXXXVIII, 40 p. ;
Dimensiones 21 cm.
650 17 - PUNTO DE ACCESO ADICIONAL DE MATERIA--TÉRMINO DE MATERIA
Término de materia o nombre geográfico como elemento de entrada Teatro-
Subdivisión geográfica España-
Subdivisión cronológica S.XIX
Fuente del encabezamiento o término
9 (RLIN) 141742
852 ## - LOCALIZACIÓN
Ubicación ES-MaACL
Número de control de estantería E-13233
Holdings
Estatus retirado Estado de pérdida Estado de daño No para préstamo Colección Biblioteca de origen Biblioteca actual Ubicación en estantería Fecha de adquisición Fuente de adquisición Total de préstamos Signatura topográfica completa Código de barras Visto por última vez Precio de reemplazo Tipo de ítem Koha
        Libros del s. XIX Biblioteca del Ateneo de Madrid Biblioteca del Ateneo de Madrid Depósito 2 07/12/2009     E-13233 1182121 23/02/2023 23/02/2023 Libro impreso antiguo